| 000 | 01231nam a22002777a 4500 | ||
|---|---|---|---|
| 999 |
_c4063 _d4063 |
||
| 003 | AR-CdUCM | ||
| 008 | 190307b ||||| |||| 00| 0 spa d | ||
| 040 |
_aMUNICIPALIDAD PROVINCIAL DEL CUSCO _cBIBLIOTECA MUNICIPAL DEL CUSCO |
||
| 041 | _hrus | ||
| 082 |
_a109 / _bH59 |
||
| 110 |
_aAcademia de Ciencias de la U.R.S.S., Instituto de Filosofía _912918 |
||
| 245 |
_aHistoria de la filosofía : _bdesde el nacimiento del marxismo hasta finales del siglo XIX / |
||
| 260 |
_aMéxico, D.F. : _bGrijalbo, _c1962. |
||
| 300 |
_a558 páginas ; _c22 cm. |
||
| 505 | _aContenido: La aparición del materialismo dialéctico y del materialismo -- Desarrollo del materialismo dialéctico e histórico -- Desarrollo por Marx y Engels -- El materialismo dialéctico e histórico -- El pensamiento filosófico y sociológico ... | ||
| 650 |
_aFilosofía, Sociología _912919 |
||
| 650 |
_aHistoria _9136 |
||
| 650 |
_aEuropa _91221 |
||
| 700 |
_aDynnik, M. A. _912920 |
||
| 700 |
_aMitin, M. B. (redactores) _912921 |
||
| 700 |
_aLain, Jose _910646 |
||
| 700 |
_aSanchez Vazquez, Adolfo (traductores) _912922 |
||
| 710 |
_aAcademia de Ciencias de la U.R.S.S., Instituto de Filosofía. _912918 |
||
| 942 |
_2ddc _cLIBROS |
||
| 945 | _aachl | ||